Cost accounting/ (Record no. 11771)

MARC details
000 -LEADER
fixed length control field 00503nam a22001937a 4500
005 - DATE AND TIME OF LATEST TRANSACTION
control field 20240228104559.0
008 - FIXED-LENGTH DATA ELEMENTS--GENERAL INFORMATION
fixed length control field 240228b ||||| |||| 00| 0 eng d
020 ## - INTERNATIONAL STANDARD BOOK NUMBER
International Standard Book Number 9789390942985
040 ## - CATALOGING SOURCE
Original cataloging agency IN-DiNC
Transcribing agency IN-DiNC
041 ## - LANGUAGE CODE
Language code of sung or spoken text English
082 ## - DEWEY DECIMAL CLASSIFICATION NUMBER
Classification number 657.42
Item number GOS
100 ## - MAIN ENTRY--PERSONAL NAME
Personal name Goswami, Nabajyoti
Relator term Author
245 ## - TITLE STATEMENT
Title Cost accounting/
Statement of responsibility, etc. by Nabajyoti Goswami
250 ## - EDITION STATEMENT
Edition statement 1st imp.
260 ## - PUBLICATION, DISTRIBUTION, ETC.
Place of publication, distribution, etc. Guwahati:
Name of publisher, distributor, etc. Ashok publication,
Date of publication, distribution, etc. 2024.
300 ## - PHYSICAL DESCRIPTION
Extent 370p.
650 ## - SUBJECT ADDED ENTRY--TOPICAL TERM
Topical term or geographic name entry element Elements of cost
942 ## - ADDED ENTRY ELEMENTS (KOHA)
Source of classification or shelving scheme Dewey Decimal Classification
Koha item type Books
Holdings
Withdrawn status Lost status Source of classification or shelving scheme Damaged status Not for loan Collection code Home library Current library Shelving location Date acquired Cost, normal purchase price Total Checkouts Full call number Barcode Date last seen Date last checked out Copy number Price effective from Koha item type Date due
    Dewey Decimal Classification     Commerce Central Library, Naharkatiya College Central Library, Naharkatiya College General Stacks 28/02/2024 450.00 4 657.42 GOS 29850 15/12/2025 15/12/2025 1 28/02/2024 Books  
    Dewey Decimal Classification     Commerce Central Library, Naharkatiya College Central Library, Naharkatiya College General Stacks 28/02/2024 450.00 5 657.42 GOS 29851 27/04/2026 27/04/2026 2 28/02/2024 Books 15/05/2026
    Dewey Decimal Classification     Commerce Central Library, Naharkatiya College Central Library, Naharkatiya College General Stacks 28/02/2024 450.00 4 657.42 GOS 29852 27/04/2026 27/04/2026 3 28/02/2024 Books 15/05/2026

Naharkatiya College © 2020. All rights reserved.

Powered By